ბათუმის შოთა რუსთაველის სახელმწიფო უნივერსიტეტის ბიბლიოთეკა

The Short Oxford History of English Literature (ბიბ.ჩანაწერი № 58393)

000 -LEADER
fixed length control field 00712nam a22001937a 4500
005 - DATE AND TIME OF LATEST TRANSACTION
control field 20220114130238.0
008 - FIXED-LENGTH DATA ELEMENTS--GENERAL INFORMATION
fixed length control field 220114s1996 enk||||| |||| 00| 0 eng d
020 ## - INTERNATIONAL STANDARD BOOK NUMBER
International Standard Book Number 9780198711568
041 ## - LANGUAGE CODE
Language code of text/sound track or separate title eng
080 ## - UNIVERSAL DECIMAL CLASSIFICATION NUMBER
Universal Decimal Classification number 821.111.1 S-20
100 ## - MAIN ENTRY--PERSONAL NAME
Personal name Sanders, Andrew
9 (RLIN) 13383
245 ## - TITLE STATEMENT
Title The Short Oxford History of English Literature
250 ## - EDITION STATEMENT
Edition statement Revised edition
264 ## - PRODUCTION, PUBLICATION, DISTRIBUTION, MANUFACTURE, AND COPYRIGHT NOTICE
Place of production, publication, distribution, manufacture Oxford :
Name of producer, publisher, distributor, manufacturer Clarendon Press,
Date of production, publication, distribution, manufacture, or copyright notice 1996.
300 ## - PHYSICAL DESCRIPTION
Extent 718 p.
Other physical details 23 cm.
653 ## - INDEX TERM--UNCONTROLLED
keyword ინგლისური ლიტერატურის ოქსფორდის მოკლე ისტორია
653 ## - INDEX TERM--UNCONTROLLED
keyword Краткая оксфордская история английской литературы
942 ## - ADDED ENTRY ELEMENTS (KOHA)
Source of classification or shelving scheme
Koha item type წიგნი
ეგზემპლარები
Withdrawn status Lost status Source of classification or shelving scheme Materials specified (bound volume or other part) Damaged status Not for loan Permanent Location Current Location Shelving location Date acquired Cost, normal purchase price Full call number Barcode Date last seen Copy number Price effective from Koha item type Public note
      თამარ სირაძის ნაჩუქარი     ბათუმის შოთა რუსთაველის სახელმწიფო უნივერსიტეტის მთავარი ბიბლიოთეკა ბათუმის შოთა რუსთაველის სახელმწიფო უნივერსიტეტის მთავარი ბიბლიოთეკა წიგნსაცავი 2022-01-14 15.00 821.111.1 S-20 62099 2022-01-14 62099 2022-01-14 წიგნი 15 ლ.